00513nam a22001577a 4500008004100000020001500041050002100056100002800077245006600105260006500171300004300236650002300279650001200302650001600314650002500330171123b xxu||||| |||| 00| 0 eng d a8181283481 aSB 937 .H55 2002 aHill, Dennis S., d1934 aPests of stored foodstuffs and their control/cDennis S. Hill aDordrecht ; Boston : bKluwer Academic Publishers, c©2002. axvi, 476 pages : illustrations ; 25 cm aFood storage pests aZoology aAgriculture aMorphology (Animals)